El hijo pródigo (Record no. 6067)

MARC details
000 -CABECERA
campo de control de longitud fija 01213nam a2200241 a 4500
001 - NÚMERO DE CONTROL
campo de control BRCA_6381
005 - FECHA Y HORA DE LA ÚLTIMA TRANSACCIÓN
campo de control 20190320205431.0
008 - DATOS DE LONGITUD FIJA--INFORMACIÓN GENERAL
campo de control de longitud fija 100811s1945----mx-a######---#000-0#spa-#
041 ## - CÓDIGO DE LENGUA
Código de lengua del texto/banda sonora o título independiente spa
044 ## - CÓDIGO DEL PAÍS DE LA ENTIDAD EDITORA/PRODUCTORA
Código MARC del país mx
050 #4 - SIGNATURA TOPOGRÁFICA DE LA BIBLIOTECA DEL CONGRESO
Número de clasificación PQ7100
Número de documento/Ítem .H54 4 1945
245 10 - MENCIÓN DE TÍTULO
Título El hijo pródigo
Resto del título Revista literaria
Mención de responsabilidad, etc. Octavio G. Barreda editor; Isaac Rojas Rosillo administrador.
260 ## - PUBLICACIÓN, DISTRIBUCIÓN, ETC.
Lugar de publicación, distribución, etc. México
Nombre del editor, distribuidor, etc. Letras de México
Fecha de publicación, distribución, etc. 1945
300 ## - DESCRIPCIÓN FÍSICA
Extensión 12 v.
Otras características físicas il.
Dimensiones 23 cm.
500 ## - NOTA GENERAL
Nota general Revista inventariada por Banco de México como libro
500 ## - NOTA GENERAL
Nota general Ver también K188, K189 y K190
500 ## - NOTA GENERAL
Nota general K191
505 0# - NOTA DE CONTENIDO CON FORMATO
Nota de contenido con formato Contenido: v.1. vol. VII, No. 22, Enero, 1945.-- v.2. vol. VII, No. 23, Febrero, 1945.-- v.3. vol. VII, No. 24, Marzo, 1945.-- v.4. vol. VIII, No. 25, Abril, 1945.-- v.5. vol. VIII, No. 26, Mayo, 1945.-- v.6. vol. VIII, No. 27, Junio, 1945.-- v.7. vol. IX, No. 28, Julio, 1945.-- v.8. vol. IX, No. 29, Agosto, 1945.-- v.9. vol. IX, No. 30, Septiembre, 1945.-- v.10. vol. X, No. 31, Octubre, 1945.-- v.11. vol. X, No. 32, Noviembre, 1945.-- v.12. vol. X, No. 33, Diciembre, 1945.
650 14 - PUNTO DE ACCESO ADICIONAL DE MATERIA--TÉRMINO DE MATERIA
Término de materia o nombre geográfico como elemento de entrada Literatura mexicana
Subdivisión de forma Publicaciones periódicas
9 (RLIN) 15868
650 14 - PUNTO DE ACCESO ADICIONAL DE MATERIA--TÉRMINO DE MATERIA
Término de materia o nombre geográfico como elemento de entrada Arte
Subdivisión geográfica México
9 (RLIN) 15970
902 ## - CATALOGADOR
Iniciales GFM
942 ## - ELEMENTOS DE PUNTO DE ACCESO ADICIONAL (KOHA)
Fuente del sistema de clasificación o colocación Library of Congress Classification
Tipo de ítem Koha Libros
Holdings
Estado de retiro Estado de pérdida Estado dañado No para préstamo Localización permanente Ubicación/localización actual Fecha de adquisición Número de inventario Total de préstamos Signatura topográfica completa Código de barras Fecha visto por última vez Precio válido a partir de Tipo de ítem Koha
El ejemplar forma parte de la colección y puede ser consultado según las políticas vigentes.       Biblioteca del Museo Franz Mayer (Rogerio Casas-Alatriste) Biblioteca del Museo Franz Mayer (Rogerio Casas-Alatriste) 30/08/2011 K191   PQ7100 .H54 4 1945 (K191) 6828 22/03/2019 22/03/2019 Libros